Statystyki dla Co robi publiczność w trakcie występu?

Kliknij tutaj aby rozwiązać quiz!

Ogólne statystyki

  • Ten quiz został rozwiązany 18 razy
  • Średni wynik to 4 z 8

Statystyki odpowiedzi

Odpowiedź% Poprawnych
Klaszcze
83%
Ogląda
75%
Śmieje się
50%
Śpiewa
42%
Krzyczy
33%
Słucha
33%
Tańczy
33%
Gwizda
17%

Rozkład punktacji

Percentyl według liczby udzielonych odpowiedzi

Procent ludzi z każdym wynikiem

Twoja historia wyników

Nie rozwiązałeś tego quizu